| 000 | 00914nam a22002417a 4500 | ||
|---|---|---|---|
| 005 | 20090708135024.0 | ||
| 008 | 090708t xxu||||| |||| 00| 0 eng d | ||
| 010 | _aENG-94345 | ||
| 020 |
_a0070147809 _c175.00 |
||
| 020 |
_a9780070147805 _c175.00 |
||
| 035 | _aEN-77878 | ||
| 037 | _bDBAD / PUB | ||
| 040 |
_adpl _bEnglish |
||
| 082 | _a658.4092 | ||
| 100 | _aShrinivas Pandit | ||
| 245 |
_aThe alchemy of leadership / _cby Shrinivas Pandit |
||
| 260 |
_aNew Delhi _bTata McGraw-Hill Publishing _c2009 |
||
| 270 |
_a7 West Patel Nagar _bNew Delhi _e110008 |
||
| 300 |
_aix, 151p. _c23cm(pbk) |
||
| 490 | _aTata Mcgraw-Hill professional leadership essentials series | ||
| 942 |
_2ddc _cEN _mSRI _h658.4092 |
||
| 999 |
_c28089 _d28089 |
||